| 000 | 00474nam a22001697a 4500 | ||
|---|---|---|---|
| 003 | OSt | ||
| 005 | 20220107122838.0 | ||
| 008 | 180524b xxu||||| |||| 00| 0 eng d | ||
| 040 | _cIIITMK | ||
| 100 |
_aNikhilnath K V (92216018) _914044 |
||
| 245 | _aAutomated analytics on AMS performance metrices | ||
| 300 | _aMSC DA 2016-2018 | ||
| 502 |
_bMSC DA _c2016-2018 _dINT _eDr. Manojkumar T K |
||
| 650 |
_aANOMALIES _914045 |
||
| 650 |
_aSNMP ANALYTICS _914046 |
||
| 942 |
_2ddc _cPR |
||
| 999 |
_c6058 _d6058 |
||